| 000 | 01033nam a2200289 i 4500 | ||
|---|---|---|---|
| 003 | DO-SdBNP | ||
| 005 | 20250612151439.0 | ||
| 007 | ta | ||
| 008 | 250612b1990 dr abc|| |||| 00| 0 spa d | ||
| 040 |
_aDO-SdBNP _bspa _cBNPHU _erda |
||
| 041 | _aspa | ||
| 082 | 4 |
_axxx _bxxx _222 |
|
| 100 |
_aJoaquín, Lidia, _eautor _4aut. _910502 |
||
| 245 | 1 | 0 |
_aEstudios sociales 7 : _bseptimo grado de primaria / _cLidia Joaquín, Fidelina Báez ; corrección, Alejandro Solano, Santiago Cabanes |
| 250 | _aTercera edición | ||
| 264 | 4 |
_aSanto Domingo : _bSusaeta Ediciones Dominicanas, _c©1990. |
|
| 300 |
_a197 páginas : _bilustraciones, mapas y retratos ; _c25 cm. |
||
| 336 |
_atexto _btxt _2rdacontent |
||
| 337 |
_asin mediación _bn _2rdamedia |
||
| 338 |
_avolumen _bnc _2rdacarrier |
||
| 590 | _aInventariado, 2025/BT | ||
| 700 | 1 |
_aBáez, Fidelina, _eautor _4aut. _988094 |
|
| 700 | 1 |
_aSolano, Alejandro, _ecorrector _4corr. _956913 |
|
| 700 | 1 |
_aCabanes, Santiago, _ecorrector _4corr. _919991 |
|
| 910 | _aBtavárez | ||
| 942 |
_2ddc _cLBS1 |
||
| 999 |
_c59264 _d59264 |
||